000 00709cam a22002411 4500
001 8424641
003 ARRUPE
005 20161128114333.0
008 740917s1959 xx 000 0 eng
010 _a 60001807
035 _a(OCoLC)1012922
040 _aDLC
_cCtFaU
_dOCoLC
_dDLC
041 1 _aengfre
050 0 0 _aBR1720.J5
_bS753
082 0 0 _a270.2/092
_aB
100 1 _aSteinmann, Jean.
_927589
245 1 0 _aSaint Jerome and his times.
_cTranslated by Ronald Matthews.
260 _aNotre Dame, Ind.,
_bFides Publishers
_c[1959?]
300 _a358 p.
_c23 cm.
600 0 0 _aJerome,
_cSaint,
_d-419 or 420.
_94484
906 _a7
_bcbc
_coclcrpl
_du
_encip
_f19
_gy-gencatlg
942 _2lcc
_cMONOGRAPH
999 _c125770
_d125770